000 00486nam a2200169Ia 4500
008 210210b1999 xxu||||| |||| 00| 0 eng d
020 _a81 7493 523 1
082 _a382 CHEI
100 _aCHERUNILAM (Francis).
245 _aInternational marketing including export management. Ed 1.
250 _a
260 _aNew Delhi.
_bTata McGraw-Hill Publishing Company Ltd.
_c1999
300 _a325
650 _aInternational Trade
690 _aInternational Trade
906 _a054565
999 _c102660
_d102660